[Event "SVK-chT1E 0910"]
[Site "Slovakia"]
[Date "2009.11.14"]
[Round "3.6"]
[White "Mertens, Tomas"]
[Black "Prielozny, Eduard"]
[Result "1/2-1/2"]
[WhiteElo "2072"]
[BlackElo "1951"]
[PlyCount "86"]
[EventDate "2009.10.17"]
[EventType "team"]
[EventRounds "11"]
[EventCountry "SVK"]
[SourceTitle "EXT 2011"]
[Source "ChessBase"]
[SourceDate "2010.11.26"]
[SourceVersion "1"]
[SourceVersionDate "2010.11.26"]
[SourceQuality "1"]
[WhiteTeam "Michalovce Zemplin"]
[BlackTeam "Zilina Mladost juniors"]
[WhiteTeamCountry "SVK"]
[BlackTeamCountry "SVK"]

1. e4 c5 2. Nf3 d6 3. d4 cxd4 4. Nxd4 Bd7 5. Nc3 Nc6 6. Be3 Nf6 7. Be2 g6 8. 0-0 Bg7 9. h3 0-0 10. Qd2 a6 11. a4 Qc7 12. Rad1 Nxd4 13. Bxd4 Bc6 14. Qe3 Rac8 15. f4 Nd7 16. Bxg7 Kxg7 17. Qd4+ Kg8 18. Bg4 Rfd8 19. f5 b5 20. axb5 axb5 21. fxg6 hxg6 22. Rf2 Ra8 23. Bxd7 Qxd7 24. Rdf1 Rf8 25. Nd5 Ra4 26. Qd3 Qe6 27. Re2 Qe5 28. g4 Rfa8 29. Qf3 Rf8 30. c3 Kh7 31. h4 Qe6 32. b3 Ra7 33. Ref2 Be8 34. g5 Kg7 35. h5 gxh5 36. g6 Qg4+ 37. Qxg4 hxg4 38. gxf7 Rxf7 39. Rxf7+ Bxf7 40. Rf4 Bxd5 41. Rxg4+ Kf6 42. exd5 Rc7 43. c4 bxc4 1/2-1/2

[Event "SVK-chT2C 0809"]
[Site "Slovakia"]
[Date "2009.02.28"]
[Round "10.1"]
[White "Prielozny, Eduard"]
[Black "Ambrozi, Peter"]
[Result "1-0"]
[WhiteElo "1958"]
[BlackElo "2064"]
[PlyCount "61"]
[EventDate "2008.10.11"]
[EventType "team-tourn"]
[EventRounds "11"]
[EventCountry "SVK"]
[SourceTitle "EXT 2010"]
[Source "ChessBase"]
[SourceDate "2010.11.25"]
[SourceVersion "1"]
[SourceVersionDate "2010.11.25"]
[SourceQuality "1"]
[WhiteTeam "Zilina Mladost juniors"]
[BlackTeam "Dolny Kubin"]
[WhiteTeamCountry "SVK"]
[BlackTeamCountry "SVK"]

1. d4 d5 2. c4 c6 3. Nc3 e6 4. cxd5 exd5 5. Nf3 Bf5 6. Bf4 Nf6 7. e3 Qb6 8. Qc1 Be7 9. Be2 0-0 10. 0-0 h6 11. Na4 Qa5 12. Nc5 Bxc5 13. dxc5 Ne4 14. a3 Nd7 15. b4 Qd8 16. Nd4 Bg6 17. f3 Ng5 18. Qd2 Ne6 19. Bd6 Nxd4 20. Qxd4 Re8 21. a4 Qf6 22. Qd2 a6 23. Ra3 Re6 24. Rf2 Rae8 25. b5 axb5 26. axb5 b6 27. bxc6 Nxc5 28. Bf4 Qe7 29. Bb5 Rd8 30. c7 Rc8 31. Qxd5 1-0

[Event "SVK-chT2C 0809"]
[Site "Slovakia"]
[Date "2008.12.07"]
[Round "6.5"]
[White "Pikuliak, Jozef"]
[Black "Prielozny, Eduard"]
[Result "1-0"]
[WhiteElo "1930"]
[BlackElo "1958"]
[PlyCount "71"]
[EventDate "2008.10.11"]
[EventType "team-tourn"]
[EventRounds "11"]
[EventCountry "SVK"]
[SourceTitle "EXT 2010"]
[Source "ChessBase"]
[SourceDate "2010.11.25"]
[SourceVersion "1"]
[SourceVersionDate "2010.11.25"]
[SourceQuality "1"]
[WhiteTeam "Cadca Caissa"]
[BlackTeam "Zilina Mladost juniors"]
[WhiteTeamCountry "SVK"]
[BlackTeamCountry "SVK"]

1. c4 c5 2. Nf3 Nf6 3. d4 cxd4 4. Nxd4 e6 5. Nc3 Be7 6. e4 Nc6 7. Be2 0-0 8. 0-0 Nxd4 9. Qxd4 b6 10. Bf4 Bc5 11. Qd3 d6 12. Rad1 Bb7 13. Bf3 e5 14. Bg5 h6 15. Bc1 Qe7 16. a3 a5 17. Rfe1 Rad8 18. Qb1 Ba6 19. b3 Qe8 20. Qd3 Qe6 21. Ne2 Ne8 22. Ng3 Nc7 23. Qd2 Qg6 24. b4 axb4 25. axb4 Bd4 26. Nf5 Qe6 27. Nxd4 exd4 28. b5 Bb7 29. Qxd4 Ba8 30. h3 Rfe8 31. Bg4 Qe5 32. Qxb6 Ne6 33. Bxe6 fxe6 34. Rd3 d5 35. Qa5 Rb8 36. exd5 1-0